| 000 | 00931nam a22002777a 4500 | ||
|---|---|---|---|
| 001 | 9912 | ||
| 003 | FISKH | ||
| 005 | 20260316101900.0 | ||
| 008 | 260316b cb ||||| |||| 00| 0 eng d | ||
| 040 |
_aFISKH _beng _cFISKH _dFISKH |
||
| 050 | _aPZ7 | ||
| 082 | _a595.7 | ||
| 100 |
_aAnonymous _eAuthor |
||
| 245 | _aSmall things / | ||
| 260 |
_aNew Delhi : _bLonely Planet Kids , _c2017 |
||
| 300 |
_a49 pages : _bcolor illustrations ; _c15 cm |
||
| 490 | _aAmazing World Series : | ||
| 505 | _aP | ||
| 520 | _aA fascinating nonfiction book that explores the tiny creatures and small wonders of the natural world. Readers discover insects and other miniature life forms and learn how these small things play important roles in nature. | ||
| 521 | 8 |
_a650
_bLexile estimate |
|
| 521 | 8 |
_aP
_bRaz-Plus |
|
| 650 |
_aNature _vInsects |
||
| 650 |
_aSmall animals _vScience |
||
| 942 |
_2ddc _cBK _n0 |
||
| 999 |
_c9912 _d9912 |
||